000 00304nam a22001337a 4500
008 181023b xxu||||| |||| 00| 0 eng d
020 _a2740249626880
041 _aeng
080 _a004
100 _a37
101 _aSHK
245 _aComputer Organization And Design
_cDavid.a
942 _2udc
_cBK
999 _c50570
_d50570